000 00643nam a22001937a 4500
999 _c164569
_d164569
005 20190522173318.0
010 _aUR-10138
020 _c160.00
_a9789388105224
035 _aU-8693
037 _bDBAD/PUB
082 _a841
100 _aحا فظ کر نا ٹکی
245 _aا للہ جميل
_cحا فظ کر نا ٹکی
246 _bAllah-o-Jameel (Urdu)
_abyHafiz Karnataki
260 _a Delhi
_bEducational Publishing House
_c2018 ء
270 _a3191،Vakil Street,Kucha Pandit,Lal Kuan,
_bDelhi
_e110006
_k23216162
_l00911123211540
300 _a152ص
_c22 Cm.(bk)
942 _2ddc
_cUR
_h841
_mح ا ف